000
00237 a2200097 4500
001
57022
100
_a
245
_a
Developing Effective Teacher Performance
260
_a
London
_b
Paul Chapman Pub
_c
2006
090
_c
34946
_d
34946
942
_a
NUST-CAE
_c
MONOGRAPH
_c
27720
999
_c
292095
_d
292095